000 00827cam a22002893a 4500
001 24499
003 PGUSA
005 20140828083526.0
008 080202s2008||||xxu|||||s|||||000 1 eng d
040 _aPGUSA
_beng
042 _adc
050 4 _aPR
100 1 _aHichens, Robert,
_d1864-1950
245 1 4 _aThe Green Carnation
_h[electronic resource] /
_cRobert Hichens
260 _bProject Gutenberg,
_c2008
506 _aPublic domain in the USA.
516 _aElectronic text
653 _aIreland -- Fiction
653 _aWilde, Oscar, 1854-1900 -- Fiction
653 _aAuthors -- Fiction
653 _aGay men -- Fiction
653 _aBiographical fiction
653 _aLondon (England) -- Fiction
830 0 _aProject Gutenberg
_v24499
856 4 0 _uhttp://www.gutenberg.org/ebooks/24499
942 _cEB
999 _c253754
_d253754